Adequacy of workmen's compensation.

Bibliographic Details
Main Author: Reede, Arthur H.
Format: Book
Language:English
Published: Cambridge : Harvard Univ. Press, 1947 [i.e.1948]
Subjects:

MARC

Tag First Indicator Second Indicator Subfields
LEADER 00000cam a2200000 4500
001 in00000073255
005 20151008052515.0
008 721002s1948 mau b 00000 eng u
010 |a  48005856  
035 |a (OCoLC)00420854 
035 |9 AAH3649AM 
040 |c CSU  |d TXA  |d UtOrBLW 
049 |a TXAM  |c 2 [420415] 
050 0 |a HD7816.U6  |b R35 
092 |a 331.825  |b R327a 
100 1 |a Reede, Arthur H. 
245 1 0 |a Adequacy of workmen's compensation. 
264 1 |a Cambridge :  |b Harvard Univ. Press,  |c 1947 [i.e.1948] 
300 |a xxiii, 422 pages :  |b diagrams ;  |c 23cm. 
336 |a text  |b txt  |2 rdacontent 
337 |a unmediated  |b n  |2 rdamedia 
338 |a volume  |b nc  |2 rdacarrier 
504 |a Bibliographical footnotes. 
650 0 |a Workers' compensation  |z United States. 
999 |a MARS 
999 f f |s 98fc8764-9bb0-3577-b788-1a773b77ccc1  |i 97e46a69-49f2-3184-8325-87c91107e3c6  |t 0 
952 f f |p ric  |a Texas A&M University  |b Rellis Campus  |c Joint Library Facility  |d Remote Storage  |t 0  |e HD7816.U6 R35  |h Library of Congress classification  |i unmediated -- volume  |m A14800722104 
998 f f |a HD7816.U6 R35  |t 0  |l Remote Storage